000 00895nam a2200253Ia 4500
003 OSt
005 20220923222244.0
006 a|||||r|||| 00| 0
007 ta
008 220922b |||||||| |||| 00| 0 guj d
024 _a204,041
037 _cTextual
040 _aARTS
_cARTS
_bguj
041 _2guj
_aguj
082 _aO156,1N08x, 152K2
100 _aत्रिभुवनदास पु लुहार; पण्डया, रामचंद्र, संपा.
_9166441
245 0 _aगुजराती
246 _aGujarātī
260 _c1962
490 _aकवि- श्री माला
650 _aगुजराती साहित्य
942 _hO156,1N08x, 152K2
_cTEXL
_2CC
999 _c354790
_d354790